[Event "67th POL-ch (w)"]
[Site "Poznan POL"]
[Date "2015.03.29"]
[Round "6.3"]
[White "Iwanow, Anna"]
[Black "Majdan-Gajewska, Joanna"]
[Result "1-0"]
[WhiteElo "2281"]
[BlackElo "2405"]
[EventDate "2015.03.24"]
[PlyCount "91"]

1.e4 g6 2.d4 Bg7 3.Nc3 c6 4.Nf3 d6 5.Bd3 Nd7 6.O-O e5 7.Be3 Ngf6 8.h3 O-O 
9.Re1 Re8 10.Qd2 b6 11.a4 a6 12.Bc4 exd4 13.Bxd4 h6 14.Ba2 Bb7 15.Be3 Nc5 
16.Bxh6 Ncxe4 17.Nxe4 Nxe4 18.Rxe4 Rxe4 19.Bxf7+ Kxf7 20.Ng5+ Qxg5 21.Bxg5
Rae8 22.f3 Rd4 23.Qc1 Rd5 24.c3 c5 25.Bh4 Re6 26.Qf4+ Rf5 27.Qd2 Rd5 28.
Qf4+ Rf5 29.Qd2 Rd5 30.Qc2 Rde5 31.Rd1 Bh6 32.Bf2 d5 33.a5 Re2 34.Qb1 Bf4 
35.Re1 Rxe1+ 36.Bxe1 d4 37.cxd4 cxd4 38.Bf2 Rc6 39.Qa2+ Kf8 40.Bxd4 Rc1+ 
41.Kf2 Rc2+ 42.Ke1 Rc1+ 43.Ke2 Rc2+ 44.Kd3 Rd2+ 45.Kc3 b5 46.Qe6 1-0

[Event "67th POL-ch (w)"]
[Site "Poznan POL"]
[Date "2015.03.29"]
[Round "6.4"]
[White "Rajlich, Iweta"]
[Black "Szczepkowska-Horowska, Karina"]
[Result "1/2-1/2"]
[WhiteElo "2398"]
[BlackElo "2414"]
[EventDate "2015.03.24"]
[PlyCount "169"]

1.d4 Nf6 2.c4 d6 3.g3 g6 4.Bg2 Bg7 5.Nf3 O-O 6.Nc3 Nc6 7.O-O Bf5 8.Bg5 h6 
9.Be3 e5 10.dxe5 dxe5 11.Qc1 Kh7 12.Bc5 Re8 13.Rd1 Qc8 14.Nd5 Nd7 15.Be3 
Ne7 16.Nd2 Be6 17.Nxe7 Rxe7 18.c5 Nf6 19.c6 b6 20.a4 Bd5 21.Bxd5 Nxd5 22.
Nf1 Qe6 23.Qd2 Nf6 24.Qb4 Ree8 25.a5 Qxc6 26.Rac1 Qe6 27.Qb5 c5 28.b4 cxb4
29.axb6 axb6 30.Rc6 Qb3 31.Rd3 Qa2 32.Qxb4 Qxe2 33.Qb1 Red8 34.Rxd8 Rxd8 
35.Rc1 b5 36.Qb3 Rd7 37.Rb1 Nd5 38.Qxb5 Qxb5 39.Rxb5 Nxe3 40.Nxe3 f5 41.
Rd5 Rxd5 42.Nxd5 Kg8 43.f3 Kf7 44.Kf2 Ke6 45.Nc7+ Kd7 46.Nd5 Bf8 47.Ke2 
Ke6 48.Ne3 Bc5 49.Ng2 g5 50.h3 h5 51.Ne1 Kd5 52.Ng2 Bb6 53.Ne1 g4 54.hxg4 
hxg4 55.fxg4 fxg4 56.Ng2 Ke4 57.Ne1 Bg1 58.Ng2 Kd4 59.Kf1 Bh2 60.Ke2 Bg1 
61.Kf1 Be3 62.Ke2 Bg5 63.Ne1 e4 64.Ng2 Ke5 65.Ne1 Bd8 66.Ng2 Bb6 67.Ne1 
Kf5 68.Ng2 Ba7 69.Nh4+ Ke5 70.Ng2 Bb6 71.Ne1 Bg1 72.Ng2 Kd4 73.Kf1 Be3 74.
Ke2 Bc1 75.Ne1 e3 76.Ng2 Ke4 77.Nh4 Ba3 78.Ng2 Bc5 79.Nh4 Be7 80.Ng2 Bg5 
81.Ne1 Bf6 82.Ng2 Bd4 83.Nh4 Be5 84.Ng2 Bxg3 85.Nxe3 1/2-1/2

[Event "67th POL-ch (w)"]
[Site "Poznan POL"]
[Date "2015.03.29"]
[Round "6.5"]
[White "Warakomska, Anna"]
[Black "Zawadzka, Jolanta"]
[Result "0-1"]
[WhiteElo "2238"]
[BlackElo "2422"]
[EventDate "2015.03.24"]
[PlyCount "134"]

1.e4 c5 2.Nf3 d6 3.Bb5+ Nd7 4.O-O a6 5.Bxd7+ Bxd7 6.d4 cxd4 7.Qxd4 Rc8 8.
Nc3 e5 9.Qd3 h6 10.Nd2 Nf6 11.Nc4 Qc7 12.Ne3 Be6 13.Bd2 Be7 14.b3 O-O 15.
a4 Qc5 16.Rfd1 Bd8 17.a5 Bxa5 18.Ncd5 Bxd2 19.Nxf6+ gxf6 20.Qxd2 Rfd8 21.
c4 Kg7 22.Ra5 Qb6 23.Ra3 Qc6 24.Nd5 Bxd5 25.exd5 Qd7 26.Qe2 Rg8 27.b4 Kf8 
28.Rc3 Qg4 29.f3 Qf4 30.Rdc1 b5 31.Qa2 Kg7 32.g3 Qd4+ 33.Qf2 Rge8 34.Kf1 
Rc7 35.Qxd4 exd4 36.Rd3 bxc4 37.Rxd4 c3 38.Rc2 f5 39.Rd3 Rec8 40.Rd4 Kf6 
41.f4 h5 42.h4 Ke7 43.Ke2 Kd7 44.Ke3 Re8+ 45.Kf3 Rb8 46.Ke3 Rbc8 47.Ke2 
Rg8 48.Kf2 Re8 49.Kf3 Re1 50.Rd3 Re4 51.Rdxc3 Rxc3+ 52.Rxc3 Rxb4 53.Rc6 a5
54.Ra6 Rb5 55.Ra7+ Ke8 56.Ke2 Rxd5 57.Ke3 Kf8 58.Ke2 Kg7 59.Ke3 Kf6 60.Ra8
Ke6 61.Rh8 Rb5 62.Kd4 a4 63.Ra8 Rb4+ 64.Ke3 Rb3+ 65.Kf2 a3 66.Ra5 Rb2+ 67.
Kf3 a2 0-1

[Event "67th POL-ch (w)"]
[Site "Poznan POL"]
[Date "2015.03.30"]
[Round "7.1"]
[White "Zawadzka, Jolanta"]
[Black "Kulon, Klaudia"]
[Result "1-0"]
[WhiteElo "2422"]
[BlackElo "2310"]
[EventDate "2015.03.24"]
[PlyCount "71"]

1.e4 e5 2.Nf3 Nc6 3.Bb5 a6 4.Ba4 d6 5.O-O Bg4 6.h3 Bh5 7.c3 Nf6 8.Re1 Be7 
9.Bxc6+ bxc6 10.d4 O-O 11.dxe5 Nd7 12.exd6 Bxd6 13.Nbd2 Nc5 14.e5 Nd3 15.
exd6 Nxe1 16.Qxe1 Re8 17.Qf1 Qxd6 18.b3 Rad8 19.Bb2 Qf4 20.Re1 Re6 21.Rxe6
fxe6 22.Qe2 e5 23.c4 Bxf3 24.Nxf3 e4 25.Nd4 Re8 26.Nc2 a5 27.Qe3 Qd6 28.
Qd4 Qe7 29.Ne3 Rd8 30.Nf5 Qf6 31.Nh6+ Kf8 32.Ba3+ Ke8 33.Qxe4+ Kd7 34.Ng4 
Qa1+ 35.Kh2 Qxa2 36.Qf5+ 1-0

[Event "67th POL-ch (w)"]
[Site "Poznan POL"]
[Date "2015.03.30"]
[Round "7.2"]
[White "Szczepkowska-Horowska, Karina"]
[Black "Warakomska, Anna"]
[Result "1-0"]
[WhiteElo "2414"]
[BlackElo "2238"]
[EventDate "2015.03.24"]
[PlyCount "91"]

1.d4 Nf6 2.c4 e6 3.Nf3 b6 4.g3 Bb7 5.Bg2 Be7 6.O-O O-O 7.Re1 c5 8.d5 exd5 
9.Nh4 Ne4 10.cxd5 Bxh4 11.Bxe4 Bf6 12.Nc3 d6 13.Bf4 Re8 14.Qc2 h6 15.Bg2 
a6 16.a4 Qc7 17.Rad1 Nd7 18.Ne4 Be5 19.Bc1 Nf6 20.f4 Nxe4 21.fxe5 Ng5 22.
h4 Nh7 23.exd6 Qxd6 24.Bf4 Qd8 25.e4 Nf6 26.Bf3 Bc8 27.e5 Bg4 28.Bxg4 Nxg4
29.Qf5 Qc8 30.e6 Nf6 31.Bxh6 fxe6 32.dxe6 Ra7 33.Bg5 Rf8 34.Qe5 Re7 35.Rd6
Qc7 36.Red1 Ree8 37.h5 Qb7 38.h6 Qf3 39.hxg7 Ng4 40.gxf8=Q+ Rxf8 41.Qe1 
Nf2 42.Bf4 Nh3+ 43.Kh2 Nxf4 44.gxf4 Qh5+ 45.Kg2 Rxf4 46.Rd8+ 1-0

[Event "67th POL-ch (w)"]
[Site "Poznan POL"]
[Date "2015.03.30"]
[Round "7.3"]
[White "Majdan-Gajewska, Joanna"]
[Black "Rajlich, Iweta"]
[Result "1/2-1/2"]
[WhiteElo "2405"]
[BlackElo "2398"]
[EventDate "2015.03.24"]
[PlyCount "131"]

1.e4 e6 2.d4 d5 3.Nc3 Nf6 4.e5 Nfd7 5.f4 c5 6.Nf3 Nc6 7.Be3 Be7 8.Qd2 b6 
9.g3 a5 10.Bh3 Ba6 11.Rd1 g6 12.Qf2 Qc7 13.g4 g5 14.f5 cxd4 15.Nxd4 Nxd4 
16.Bxd4 Bc5 17.Bf1 Bxd4 18.Rxd4 Qxe5+ 19.Kd1 Bb7 20.Bb5 O-O-O 21.Re1 Qf6 
22.Kc1 Nc5 23.Na4 e5 24.Rd2 Nxa4 25.Bxa4 d4 26.Rde2 e4 27.Rxe4 Bxe4 28.
Rxe4 Rd5 29.Qe2 d3 30.cxd3 Rd4 31.Be8 Rxe4 32.Qxe4 Kb8 33.Kb1 h5 34.Bxf7 
hxg4 35.Bh5 Rd8 36.Bxg4 Qd4 37.Kc2 Qf2+ 38.Be2 Qc5+ 39.Kd2 Qb4+ 40.Qxb4 
axb4 41.Ke3 Kc7 42.h3 Re8+ 43.Kd2 Kd6 44.Bh5 Rh8 45.Bg4 Kc5 46.Kc2 Re8 47.
Bh5 Re3 48.Bg4 Rg3 49.a3 bxa3 50.bxa3 Kd4 51.Kb3 Rxd3+ 52.Kb4 Rd2 53.Kb5 
Rb2+ 54.Kc6 Ke5 55.a4 Rb4 56.Kc7 Kd5 57.Bh5 Kc5 58.f6 Rxa4 59.f7 Rf4 60.
Kd7 Kd5 61.Ke7 Ke5 62.f8=Q Rxf8 63.Kxf8 Kf6 64.Kg8 b5 65.Kh7 g4 66.Bxg4 
1/2-1/2

[Event "67th POL-ch (w)"]
[Site "Poznan POL"]
[Date "2015.03.30"]
[Round "7.4"]
[White "Smarsz, Agata"]
[Black "Iwanow, Anna"]
[Result "0-1"]
[WhiteElo "2119"]
[BlackElo "2281"]
[EventDate "2015.03.24"]
[PlyCount "70"]

1.e4 c5 2.Nf3 d6 3.d4 cxd4 4.Nxd4 Nf6 5.Nc3 a6 6.Be2 e6 7.O-O Be7 8.Be3 
Qc7 9.a4 b6 10.f4 Nbd7 11.Bf3 Bb7 12.f5 e5 13.Nb3 O-O 14.g4 h6 15.Qd2 Rfe8
16.h4 d5 17.Nxd5 Bxd5 18.exd5 e4 19.Bf4 Bd6 20.Be2 e3 21.Bxe3 Bb4 22.d6 
Bxd2 23.dxc7 Bxe3+ 24.Kg2 Ra7 25.c3 a5 26.Bb5 Rxc7 27.Rad1 Re7 28.Kf3 Bc5 
29.Nxc5 Rxc5 30.Rd4 Ne5+ 31.Kg3 Nexg4 32.Rf3 Ne3 33.Bd3 Rd5 34.Rxd5 Nexd5 
35.Kf2 Ng4+ 0-1

[Event "67th POL-ch (w)"]
[Site "Poznan POL"]
[Date "2015.03.30"]
[Round "7.5"]
[White "Jakubiec, Edyta"]
[Black "Wozniak, Mariola"]
[Result "0-1"]
[WhiteElo "2184"]
[BlackElo "2178"]
[EventDate "2015.03.24"]
[PlyCount "56"]

1.Nf3 Nf6 2.d4 d6 3.c4 Nbd7 4.Nc3 e5 5.e3 g6 6.b3 Bg7 7.Be2 O-O 8.O-O Re8 
9.Bb2 c6 10.Qc2 a6 11.Rfd1 Qc7 12.Rac1 Nf8 13.dxe5 dxe5 14.c5 e4 15.Ng5 h6
16.Ngxe4 Nxe4 17.Nxe4 Bxb2 18.Nd6 Bxc1 19.Nxe8 Qe5 20.Nd6 Ba3 21.Bc4 Ne6 
22.Ne4 Kg7 23.f4 Qb2 24.Qd3 Nxc5 25.Nxc5 Bxc5 26.Bxf7 Bf5 27.Qc4 Bxe3+ 28.
Kh1 Rd8 0-1

[Event "67th POL-ch (w)"]
[Site "Poznan POL"]
[Date "2015.03.31"]
[Round "8.1"]
[White "Kulon, Klaudia"]
[Black "Wozniak, Mariola"]
[Result "1/2-1/2"]
[WhiteElo "2310"]
[BlackElo "2178"]
[EventDate "2015.03.24"]
[PlyCount "109"]

1.c4 f5 2.g3 Nf6 3.Bg2 g6 4.Nc3 Bg7 5.e3 O-O 6.Nge2 d6 7.d3 e5 8.O-O c6 9.
b4 Be6 10.b5 d5 11.bxc6 Nxc6 12.c5 Qd7 13.d4 e4 14.Rb1 g5 15.Qb3 Rf7 16.
Nb5 Ne8 17.f4 exf3 18.Bxf3 a6 19.Nbc3 Nf6 20.Na4 Raf8 21.Nb6 Qd8 22.Bd2 
Ne4 23.Be1 Rf6 24.Bg2 Rh6 25.Nc3 Nxd4 26.exd4 Bxd4+ 27.Bf2 Nxc3 28.Bxd4 
Ne2+ 29.Kh1 Nxd4 30.Qd1 Nb5 31.Nxd5 Rf7 32.a4 Rd7 33.axb5 Bxd5 34.Bxd5+ 
Rxd5 35.Qb3 Kh8 36.Rbd1 Rxd1 37.Rxd1 Qe8 38.Qc3+ Kg8 39.Qc4+ Qe6 40.Qxe6+ 
Rxe6 41.c6 bxc6 42.bxa6 Kg7 43.a7 Re8 44.Rb1 Ra8 45.Rb7+ Kg6 46.Kg2 h6 47.
Kf3 Kf6 48.Rh7 Ke5 49.Ke3 f4+ 50.gxf4+ gxf4+ 51.Kf3 c5 52.Re7+ Kf5 53.Rc7 
c4 54.Rc5+ Kf6 55.Rxc4 1/2-1/2

[Event "67th POL-ch (w)"]
[Site "Poznan POL"]
[Date "2015.03.31"]
[Round "8.2"]
[White "Iwanow, Anna"]
[Black "Jakubiec, Edyta"]
[Result "0-1"]
[WhiteElo "2281"]
[BlackElo "2184"]
[EventDate "2015.03.24"]
[PlyCount "178"]

1.e4 e6 2.d4 d5 3.Nd2 dxe4 4.Nxe4 Bd7 5.Bd3 Bc6 6.Nf3 Nd7 7.Ng3 Ngf6 8.Bd2
Be7 9.Qe2 Bxf3 10.Qxf3 O-O 11.O-O c5 12.Be3 Qc7 13.c3 Rac8 14.Rad1 Rfd8 
15.Rfe1 Bd6 16.Bc2 cxd4 17.Bxd4 Bc5 18.Qe3 b6 19.h3 Bxd4 20.Rxd4 Nf8 21.
Red1 Rd7 22.Ba4 Rxd4 23.Qxd4 Qc4 24.Qxc4 Rxc4 25.Bb5 Rc7 26.Rd8 g6 27.Kf1 
Kg7 28.Ke2 h5 29.Nf1 g5 30.Ne3 Ng6 31.a4 h4 32.g3 Ne4 33.Kf3 f5 34.Kg2 
hxg3 35.fxg3 f4 36.gxf4 gxf4 37.Ng4 Rf7 38.Bd3 Nh4+ 39.Kf1 Ng5 40.Ne5 Rc7 
41.c4 Nxh3 42.b4 Ng5 43.Rd4 Nf7 44.Rd7 Rxd7 45.Nxd7 Nf3 46.c5 bxc5 47.bxc5
N3e5 48.Nxe5 Nxe5 49.Bb5 Ng4 50.Ke2 Ne3 51.Kf3 Nd5 52.Bc4 Kf6 53.a5 Ke5 
54.Bb3 Nc7 55.Ba4 Na6 56.c6 Nc7 57.Bb3 Nb5 58.Ba4 Nd4+ 59.Kg4 Kd6 60.Kxf4 
Nxc6 61.a6 e5+ 62.Ke4 Nb4 63.Bb5 Nd5 64.Bf1 Nf6+ 65.Ke3 Kd5 66.Bg2+ e4 67.
Bf1 Ke5 68.Bc4 Ng4+ 69.Ke2 Kd4 70.Be6 Ne5 71.Bc8 Nd3 72.Bd7 Nf4+ 73.Ke1 
Ke3 74.Bb5 Nd5 75.Bc4 Nb4 76.Bb5 Nc2+ 77.Kd1 Nd4 78.Bc4 Kf2 79.Kd2 e3+ 80.
Kc3 e2 81.Bxe2 Nxe2+ 82.Kc4 Ke3 83.Kc5 Nd4 84.Kd6 Kd3 85.Kd5 Nb5 86.Kc5 
Nc3 87.Kb4 Kd4 88.Ka5 Kd5 89.Kb4 Ne4 0-1

[Event "67th POL-ch (w)"]
[Site "Poznan POL"]
[Date "2015.03.31"]
[Round "8.3"]
[White "Rajlich, Iweta"]
[Black "Smarsz, Agata"]
[Result "1-0"]
[WhiteElo "2398"]
[BlackElo "2119"]
[EventDate "2015.03.24"]
[PlyCount "91"]

1.d4 d5 2.g3 Nf6 3.Bg2 e6 4.Nf3 Be7 5.O-O O-O 6.c4 c5 7.cxd5 exd5 8.Nc3 
cxd4 9.Nxd4 Nc6 10.Be3 Be6 11.Rc1 Qd7 12.Nxc6 bxc6 13.Na4 Bh3 14.Qc2 Bxg2 
15.Kxg2 Rac8 16.Rfd1 Rfe8 17.Bd4 h6 18.Bxf6 Bxf6 19.e3 Qg4 20.h3 Qe6 21.
Nc5 Qe7 22.b4 h5 23.a3 h4 24.g4 g6 25.Nb3 Qc7 26.Qe2 Qd6 27.Rc2 Bg5 28.Qf3
Kg7 29.Rd3 Qe5 30.Nd4 Qe4 31.Qxe4 dxe4 32.Rdc3 a5 33.b5 Bf6 34.Rxc6 Rb8 
35.b6 Red8 36.R2c4 Rd5 37.a4 Bd8 38.Nb5 Rxb6 39.Rxb6 Bxb6 40.Rxe4 Rd2 41.
Kf3 Bc5 42.g5 Bb4 43.Nc7 Ra2 44.Ne8+ Kf8 45.Nf6 Be7 46.Rxh4 1-0

[Event "67th POL-ch (w)"]
[Site "Poznan POL"]
[Date "2015.03.31"]
[Round "8.4"]
[White "Warakomska, Anna"]
[Black "Majdan-Gajewska, Joanna"]
[Result "1-0"]
[WhiteElo "2238"]
[BlackElo "2405"]
[EventDate "2015.03.24"]
[PlyCount "105"]

1.e4 c5 2.Nf3 e6 3.d4 cxd4 4.Nxd4 Nc6 5.Nc3 a6 6.Be2 d6 7.Be3 Bd7 8.O-O 
Nf6 9.Kh1 b5 10.a3 Be7 11.f4 Qc7 12.Qe1 O-O 13.Qg3 d5 14.exd5 Nxd5 15.Nxd5
exd5 16.Nxc6 Qxc6 17.Bd4 Bf6 18.Bxf6 Qxf6 19.c3 Bf5 20.Rfd1 Be4 21.Rd4 
Rab8 22.Bd1 Rb6 23.Bb3 Qh6 24.Qg5 Rg6 25.Qxh6 Bxg2+ 26.Kg1 gxh6 27.Kf2 Be4
28.Rg1 Rxg1 29.Kxg1 Rd8 30.Kf2 Rd6 31.Ke3 Re6 32.Kd2 Rd6 33.Ke3 Kg7 34.a4 
Re6 35.Kd2 bxa4 36.Bxd5 Bxd5 37.Rxd5 Re4 38.Rd4 Re6 39.Rxa4 Kf6 40.Ra5 Ke7
41.Kd3 Rg6 42.b4 Kd7 43.Ke4 Rc6 44.Kd4 Rf6 45.f5 h5 46.h4 Rb6 47.Rd5+ Ke7 
48.Kc5 Rb8 49.c4 Rc8+ 50.Kd4 Kf6 51.b5 axb5 52.cxb5 Rc1 53.b6 1-0

[Event "67th POL-ch (w)"]
[Site "Poznan POL"]
[Date "2015.03.31"]
[Round "8.5"]
[White "Zawadzka, Jolanta"]
[Black "Szczepkowska-Horowska, Karina"]
[Result "1-0"]
[WhiteElo "2422"]
[BlackElo "2414"]
[EventDate "2015.03.24"]
[PlyCount "85"]

1.e4 e5 2.Nf3 Nc6 3.Bb5 a6 4.Ba4 Nf6 5.O-O Be7 6.Re1 b5 7.Bb3 O-O 8.c3 d6 
9.d4 Bg4 10.d5 Na5 11.Bc2 c6 12.h3 Bc8 13.dxc6 Qc7 14.Nbd2 Qxc6 15.Nf1 h6 
16.Ng3 Re8 17.Nh4 Bf8 18.Qf3 Re6 19.Nhf5 Bb7 20.Ne3 Nc4 21.Nd5 Nh7 22.Nf5 
Rae8 23.a4 Nb6 24.axb5 axb5 25.Nxb6 Qxb6 26.Bb3 Rf6 27.Qd3 Ng5 28.Be3 Qd8 
29.Qxb5 Qc8 30.Bxg5 hxg5 31.Bd5 Bxd5 32.Qxd5 g4 33.hxg4 g6 34.g5 Rfe6 35.
Ne3 Be7 36.Nc4 Qd8 37.Ra6 Bxg5 38.Rxd6 Rxd6 39.Nxd6 Re6 40.Rd1 Qb8 41.b4 
Re7 42.Ra1 Qc7 43.c4 1-0

[Event "67th POL-ch (w)"]
[Site "Poznan POL"]
[Date "2015.04.01"]
[Round "9.1"]
[White "Szczepkowska-Horowska, Karina"]
[Black "Kulon, Klaudia"]
[Result "1-0"]
[WhiteElo "2414"]
[BlackElo "2310"]
[EventDate "2015.03.24"]
[PlyCount "59"]

1.d4 Nf6 2.c4 g6 3.Nc3 d5 4.Nf3 Bg7 5.Bg5 Ne4 6.cxd5 Nxg5 7.Nxg5 e6 8.Qd2 
exd5 9.Qe3+ Kf8 10.Qf4 Bf6 11.h4 Kg7 12.e4 dxe4 13.O-O-O h6 14.Ngxe4 Bf5 
15.Bb5 a6 16.Ba4 b5 17.Bb3 b4 18.g4 bxc3 19.gxf5 cxb2+ 20.Kb1 Nc6 21.fxg6 
fxg6 22.h5 Rf8 23.Nc5 Bg5 24.Ne6+ Kh8 25.Qe4 Qf6 26.hxg6 Rae8 27.f4 Bxf4 
28.Nxf4 Rxe4 29.Rxh6+ Kg7 30.Rh7# 1-0

[Event "67th POL-ch (w)"]
[Site "Poznan POL"]
[Date "2015.04.01"]
[Round "9.2"]
[White "Majdan-Gajewska, Joanna"]
[Black "Zawadzka, Jolanta"]
[Result "1/2-1/2"]
[WhiteElo "2405"]
[BlackElo "2422"]
[EventDate "2015.03.24"]
[PlyCount "89"]

1.Nf3 d5 2.g3 Bg4 3.Bg2 c6 4.c4 e6 5.O-O Nf6 6.cxd5 exd5 7.d3 Be7 8.Qc2 
O-O 9.Nc3 Na6 10.Rd1 Re8 11.e4 Bb4 12.h3 Bh5 13.g4 Bg6 14.g5 Nh5 15.Nh4 
Bxc3 16.bxc3 dxe4 17.dxe4 Qc7 18.Nxg6 hxg6 19.Ba3 Qa5 20.Qc1 Rad8 21.Bd6 
Nc5 22.e5 Ne6 23.Rb1 Nef4 24.Kh1 Qxa2 25.Rb2 Qe6 26.Rxb7 Qf5 27.Qe3 Nxg2 
28.Kxg2 Nf4+ 29.Kh2 Qxg5 30.Qg3 Qf5 31.Qg4 Nd5 32.Qxf5 gxf5 33.c4 Nc3 34.
Ra1 Ne4 35.c5 Ra8 36.Ra6 Nxf2 37.Rxc6 Nd3 38.Rcc7 Nxe5 39.c6 Nf3+ 40.Kg2 
Ng5 41.h4 Ne6 42.Rxf7 Rac8 43.Rfe7 Rxe7 44.Rxe7 Rxc6 45.Rxe6 1/2-1/2

[Event "67th POL-ch (w)"]
[Site "Poznan POL"]
[Date "2015.04.01"]
[Round "9.4"]
[White "Jakubiec, Edyta"]
[Black "Rajlich, Iweta"]
[Result "1/2-1/2"]
[WhiteElo "2184"]
[BlackElo "2398"]
[EventDate "2015.03.24"]
[PlyCount "86"]

1.e4 e6 2.d4 d5 3.Nd2 c5 4.exd5 exd5 5.Ngf3 Nf6 6.Bb5+ Bd7 7.Bxd7+ Nbxd7 
8.O-O Be7 9.dxc5 Nxc5 10.Re1 O-O 11.Nf1 Re8 12.Be3 Nfe4 13.c3 Rc8 14.Nd4 
Qd7 15.Ng3 g6 16.Nb3 Qc6 17.Nxc5 Bxc5 18.Qd3 Nxg3 19.hxg3 Bxe3 20.Rxe3 
Rxe3 21.Qxe3 Re8 22.Qxa7 Re2 23.Rd1 g5 24.Qd4 Qe6 25.c4 dxc4 26.Qd8+ Kg7 
27.Qxg5+ Qg6 28.Qf4 Re4 29.Qf3 b5 30.a3 Qe6 31.Qc3+ f6 32.Kf1 Qf5 33.Re1 
Rxe1+ 34.Qxe1 Qd3+ 35.Kg1 Kf7 36.g4 Qc2 37.Qb4 Qc1+ 38.Kh2 Qf4+ 39.Kg1 
Qc1+ 40.Kh2 Qf4+ 41.Kg1 Qc1+ 42.Kh2 Qf4+ 43.Kg1 Qc1+ 1/2-1/2

[Event "67th POL-ch (w)"]
[Site "Poznan POL"]
[Date "2015.04.01"]
[Round "9.5"]
[White "Wozniak, Mariola"]
[Black "Iwanow, Anna"]
[Result "1/2-1/2"]
[WhiteElo "2178"]
[BlackElo "2281"]
[EventDate "2015.03.24"]
[PlyCount "62"]

1.e4 d5 2.exd5 Qxd5 3.d4 g6 4.Nf3 Bg7 5.Be2 Nh6 6.O-O Nf5 7.c3 O-O 8.Bf4 
c5 9.dxc5 Qxc5 10.b4 Qb6 11.Qc2 Nc6 12.b5 Na5 13.Nbd2 Be6 14.Rac1 Rfc8 15.
c4 Nd4 16.Nxd4 Bxd4 17.Qa4 a6 18.bxa6 Qxa6 19.Rb1 Nxc4 20.Qxa6 Rxa6 21.
Nxc4 Bxc4 22.Bxc4 Rxc4 23.Rxb7 Rxa2 24.Bh6 Rc8 25.Rxe7 Bg7 26.Bxg7 Kxg7 
27.Ree1 Rcc2 28.Rc1 Rcb2 29.Rb1 Rc2 30.Rbc1 Rcb2 31.Rb1 Rc2 1/2-1/2